000 00779cam a22002773a 4500
001 5301
003 PGUSA
005 20140828083118.0
008 040301s2004||||xxu|||||s|||||000 1 eng d
040 _aPGUSA
_beng
042 _adc
050 4 _aPS
100 1 _aDuncan, Sara Jeannette,
_d1861-1922
245 1 4 _aThe Imperialist
_h[electronic resource] /
_cSara Jeannette Duncan
260 _bProject Gutenberg,
_c2004
506 _aPublic domain in the USA.
516 _aElectronic text
653 _aImperialism -- Fiction
653 _aAutobiographical fiction
653 _aPolitical fiction
653 _aOntario -- Fiction
653 _aDomestic fiction
830 0 _aProject Gutenberg
_v5301
856 4 0 _uhttp://www.gutenberg.org/ebooks/5301
942 _cEB
999 _c234630
_d234630